000 00307nam a22001337a 4500
008 180129b xxu||||| |||| 00| 0 eng d
020 _a00118532
041 _aeng
080 _a616.31 RAN
100 _a5
101 _aSTO
245 _aThe dental clinics of north america
_cRanalli,D.N
942 _2udc
_cBK
999 _c41137
_d41137